| 000 | 00474nam a22001817a 4500 | ||
|---|---|---|---|
| 999 |
_c3226 _d3226 |
||
| 005 | 20231108082720.0 | ||
| 008 | 231108b ||||| |||| 00| 0 eng d | ||
| 020 | _a9787513724548 | ||
| 040 | _cKH8 | ||
| 082 | _a495.186 YE | ||
| 100 |
_a Ye Quanjun _eAuthor |
||
| 245 |
_aOne Lesson One Practice _bBook 3 / _c Ye Quanjun |
||
| 260 |
_bChina Peace Publishing House, _c 2023 |
||
| 300 |
_a72 pages, _b30cm. |
||
| 650 | _achinese | ||
| 650 | _atextbook | ||
| 942 |
_2ddc _cTR |
||